[Event "Central FO-ch"]
[Site "Gagarin"]
[Date "2009.05.05"]
[Round "7"]
[White "Novikov, Maxim"]
[Black "Lebedukhin, Alexei"]
[Result "1-0"]
[WhiteElo "2520"]
[BlackElo "2081"]
[PlyCount "81"]
[EventDate "2009.05.01"]
[EventType "swiss"]
[EventRounds "9"]
[EventCountry "RUS"]
[SourceTitle "CBM 130 Extra"]
[Source "ChessBase"]
[SourceDate "2009.07.02"]
[SourceVersion "2"]
[SourceVersionDate "2009.07.15"]
[SourceQuality "1"]

1. e4 c5 2. Nf3 Nf6 3. e5 Nd5 4. Nc3 e6 5. Nxd5 exd5 6. d4 Nc6 7. Be2 cxd4 8. 0-0 d6 9. Bf4 dxe5 10. Bxe5 Nxe5 11. Nxe5 Qb6 12. Bg4 Bd6 13. Nd3 0-0 14. Bf3 Be6 15. Re1 Rac8 16. g3 Rfd8 17. Qd2 Qc6 18. Re2 Rc7 19. Nf4 Bxf4 20. Qxf4 Qb6 21. Rae1 h6 22. Bg4 Bxg4 23. Qxg4 Qg6 24. Qxg6 fxg6 25. f4 Rdc8 26. Re8+ Rxe8 27. Rxe8+ Kf7 28. Re2 Re7 29. Kf2 Re4 30. Kf3 d3 31. cxd3 Rxe2 32. Kxe2 Kf6 33. Ke3 Ke6 34. Kd4 b6 35. g4 h5 36. h3 a6 37. a3 hxg4 38. hxg4 g5 39. f5+ Kd6 40. b3 Kc6 41. Ke5 1-0

[Event "Central FO-ch"]
[Site "Gagarin"]
[Date "2009.05.04"]
[Round "5"]
[White "Lebedukhin, Alexei"]
[Black "Zabotin, Alexander"]
[Result "0-1"]
[WhiteElo "2081"]
[BlackElo "2486"]
[PlyCount "74"]
[EventDate "2009.05.01"]
[EventType "swiss"]
[EventRounds "9"]
[EventCountry "RUS"]
[SourceTitle "CBM 130 Extra"]
[Source "ChessBase"]
[SourceDate "2009.07.02"]
[SourceVersion "2"]
[SourceVersionDate "2009.07.15"]
[SourceQuality "1"]

1. e4 c5 2. Nf3 d6 3. d4 cxd4 4. Nxd4 Nf6 5. Nc3 Nc6 6. Bg5 e6 7. Qd2 a6 8. 0-0-0 Bd7 9. f4 h6 10. Bh4 Be7 11. g4 g5 12. fxg5 Nxg4 13. Nxc6 Bxc6 14. Qd4 e5 15. Qg1 Bxg5+ 16. Kb1 Nf6 17. Bxg5 hxg5 18. Qe3 Rh4 19. Bg2 Nh5 20. Bh3 Nf4 21. Bf5 Ke7 22. Rd2 Qc7 23. Nd1 Qa5 24. Nf2 Qc5 25. Qg3 f6 26. Rhd1 Rf8 27. c4 a5 28. b3 Be8 29. Nd3 Nxd3 30. Qxd3 Bc6 31. h3 a4 32. Bg4 axb3 33. axb3 Ra8 34. Bf5 Ra6 35. Qc3 Bxe4+ 36. Bxe4 Rxe4 37. Qf3 Re3 0-1

[Event "Central FO-ch"]
[Site "Gagarin"]
[Date "2009.05.03"]
[Round "4"]
[White "Kostin, Alexey"]
[Black "Lebedukhin, Alexei"]
[Result "0-1"]
[WhiteElo "2353"]
[BlackElo "2081"]
[PlyCount "106"]
[EventDate "2009.05.01"]
[EventType "swiss"]
[EventRounds "9"]
[EventCountry "RUS"]
[SourceTitle "CBM 130 Extra"]
[Source "ChessBase"]
[SourceDate "2009.07.02"]
[SourceVersion "2"]
[SourceVersionDate "2009.07.15"]
[SourceQuality "1"]

1. e4 c6 2. d4 d5 3. exd5 Qxd5 4. Nc3 Qa5 5. Nf3 Nf6 6. Be2 Bg4 7. h3 Bh5 8. 0-0 Nbd7 9. Bf4 e6 10. Ne5 Nxe5 11. Bxe5 Bg6 12. Bf3 Be7 13. a3 0-0 14. Qe2 Nd7 15. Bg3 Bf6 16. Ne4 Bxe4 17. Bxe4 Rfe8 18. Rad1 Rad8 19. Qf3 Qb6 20. b4 Bxd4 21. Bxh7+ Kxh7 22. Qxf7 Nf6 23. Bc7 Bxf2+ 24. Kh2 Rxd1 25. Bxb6 Rxf1 26. Bxf2 Rxf2 27. Qxb7 Rd8 28. Qxc6 Rdd2 29. c4 Rxg2+ 30. Qxg2 Rxg2+ 31. Kxg2 Kg6 32. Kf3 e5 33. a4 Kf5 34. Ke3 Ke6 35. a5 Kd6 36. Kd3 Kc6 37. Ke3 Ne8 38. Ke4 Nd6+ 39. Kxe5 Nxc4+ 40. Kf5 Ne3+ 41. Ke4 Ng2 42. Kf3 Nh4+ 43. Kg4 Ng2 44. Kf3 Kb5 45. Kxg2 Kxb4 46. a6 Kb5 47. h4 Kxa6 48. Kf3 Kb5 49. Ke3 a5 50. Kd3 Kc5 51. h5 Kd5 52. Kc3 Ke5 53. Kb3 Kf5 0-1

[Event "RUS-chT U26"]
[Site "Belgorod"]
[Date "2008.10.11"]
[Round "7"]
[White "Lebedukhin, Alexei"]
[Black "Kadtsyna, Yulia"]
[Result "1-0"]
[WhiteElo "2066"]
[BlackElo "2061"]
[PlyCount "59"]
[EventDate "2008.10.05"]
[EventType "team"]
[EventRounds "9"]
[EventCountry "RUS"]
[SourceTitle "EXT 2010"]
[Source "ChessBase"]
[SourceDate "2010.11.25"]
[SourceVersion "1"]
[SourceVersionDate "2010.11.25"]
[SourceQuality "1"]

1. d4 Nf6 2. Nc3 b6 3. e4 Bb7 4. e5 Ng8 5. f4 e6 6. Nf3 d6 7. Be3 Nd7 8. Bd3 Be7 9. Qe2 a6 10. h4 c5 11. 0-0-0 Qc7 12. Ng5 Nh6 13. Qh5 Nf8 14. dxc5 bxc5 15. exd6 Bxd6 16. Rhf1 Bxg2 17. Rf2 Bb7 18. Be4 Bxe4 19. Ngxe4 Be7 20. Bxc5 Nf5 21. Bxe7 Qxe7 22. Qf3 Rb8 23. Rfd2 a5 24. Nd6+ Nxd6 25. Rxd6 Ng6 26. Qc6+ Kf8 27. h5 Nh4 28. Ne4 Nf5 29. Rd7 Qe8 30. Qc7 1-0

[Event "Bryansk CC Desna Cup"]
[Site "Bryansk"]
[Date "2008.05.06"]
[Round "13"]
[White "Vershinin, Andrey A"]
[Black "Lebedukhin, Alexei"]
[Result "1/2-1/2"]
[WhiteElo "1879"]
[BlackElo "2112"]
[PlyCount "38"]
[EventDate "2008.04.26"]
[EventType "tourn"]
[EventRounds "12"]
[EventCountry "RUS"]
[SourceTitle "EXT 2022"]
[Source "ChessBase"]
[SourceDate "2021.10.06"]
[SourceVersion "1"]
[SourceVersionDate "2021.10.06"]
[SourceQuality "1"]

1. e4 c6 2. d4 d5 3. exd5 cxd5 4. c3 Nf6 5. Bd3 Nc6 6. Bf4 e6 7. Nf3 Bd6 8. Bxd6 Qxd6 9. 0-0 0-0 10. Re1 a6 11. Nbd2 b5 12. Ne5 Bb7 13. Ndf3 Nd7 14. Nxd7 Qxd7 15. Ne5 Nxe5 16. Rxe5 f6 17. Re1 Rfe8 18. Qe2 Bc6 19. a3 a5 1/2-1/2